Dusty - Statistics

General Stats
  • This quiz has been taken 21 times
  • The average score is 36 of 45
Answer Stats
Question Tile Select % Correct
Members Of Dusty Max No
100%
Members Of Dusty Moose Yes
100%
Members Of Dusty Steffan No
100%
Final Question, What is the main rule of Rebel? Always sesh up Rebel No
90%
Members Of Dusty Ben Wyn Yes
90%
Interior Of Rebel Consists of... Box Yes
90%
Interior Of Rebel Consists of... Chairs Yes
90%
Interior Of Rebel Consists of... Concrite No
90%
Plans For Extension Concrite Floor No
90%
Members Of Dusty Egg Yes
90%
Plans For Extension Floor Boards No
90%
Interior Of Rebel Consists of... Flooring No
90%
Members Of Dusty Harry Moulton No
90%
Members Of Dusty Monkbumini Yes
90%
Final Question, What is the main rule of Rebel? Must Obey Egg No
90%
Final Question, What is the main rule of Rebel? No Drinking Alcohol No
90%
Final Question, What is the main rule of Rebel? No Literring No
90%
Final Question, What is the main rule of Rebel? No Sus Shit No
90%
Interior Of Rebel Consists of... Pipes No
90%
Interior Of Rebel Consists of... Sofa Yes
90%
Plans For Extension Bedroom No
80%
Final Question, What is the main rule of Rebel? Bully Chig No
80%
Final Question, What is the main rule of Rebel? Bully Joe No
80%
Members Of Dusty Chig Yes
80%
Main Three Plans For Rebel Create Weapons No
80%
Plans For Extension Fence Used as walls Yes
80%
Main Three Plans For Rebel Get A Bed No
80%
Main Three Plans For Rebel Get Women Up There No
80%
Plans For Extension Interrogation Room Yes
80%
Members Of Dusty Joe Yes
80%
Main Three Plans For Rebel Stay up There Yes
80%
Interior Of Rebel Consists of... Table Yes
80%
Interior Of Rebel Consists of... Three Legged Chair Yes
80%
Final Question, What is the main rule of Rebel? Don't Tell anyone about it No
70%
Plans For Extension Living Room No
70%
Final Question, What is the main rule of Rebel? No Women Allowed Up Rebel Yes
70%
Main Three Plans For Rebel Shit in the toilet No
70%
Plans For Extension Tarp for roof No
70%
Main Three Plans For Rebel Treehouse No
70%
Plans For Extension Back-Garden Yes
60%
Interior Of Rebel Consists of... Dart Board No
60%
Plans For Extension Plastic Sheet for roof Yes
60%
Main Three Plans For Rebel Build a extension No
40%
Main Three Plans For Rebel Sofa Yes
40%
Main Three Plans For Rebel Finish The Main Foundation Yes
30%
No matching quizzes found
Score Distribution
Percent of People with Each Score
Percentile by Number Answered
Your Score History
You have not taken this quiz